1624 1804 1608 1537 1319 1954 1174 1138 1833 1654 1548 1859 1842 1741 1017 1929 1921 1271 1691 1306 1820 1526 1357 1854 1856 1079 1927 1818 1515 1692 1014 1172 1352 1465 1251 1053 1031 1065 1244 1580 1427 1503 1598 1121 1880 1644 1434 1830 1261 1830 1065 1584 1463 1487 1569 1807 1725 1349 1630 1435 1284 1404 1897 1504 1528 1669 1216 1692 1904 1387 1244 1468 1502 1292 1287 1642 1807 1288 1279 1860 1125 1401 1782 1021 1271 1157 1601 1484 1442 1236 1503 1301 1924 1011 1382 1010 1399 1849 1505 BCNSPRNW ULIB Ver.6.0+V

เปลี่ยนเป็นภาษาไทย

Change to English
 แสดงรายละเอียดบรรณานุกรม
  กลับหน้าหลัก

Brief Record : Get Marc (ISO 2709) : E-mail record : QR code < ปิดหน้าต่าง
LEADER : 00000nam 2200000uu 4500
001    13399113527
003     ULIB
008    110627s2544||||th 000 0 tha d
020    97897447296
090    นว.^bร942ฮ ล.4 2544
100 0  โรว์ลิ่ง, เจ.เค.
245 00 แฮร์รี่ พอตเตอร์ กับถ้วยอัคนี เล่ม4/^cโรว์ลิ่ง, เจ.เค.
250    พิมพ์ครั้งที่ 1
260    กรุงเทพฯ :^bนานมีบุ๊คส์,^c2544
300    832 หน้า
710 1  นานมีบุ๊คส์
945    ^p0^l0^i014150
945    ^p0^l0^i021005
995    ทศพร
999 ^a ใช้งานได้ทุกระบบ
รายการนี้ยังไม่มีแท็ก
คุณยังไม่ได้ล็อกอิน คุณสามารถมีกิจกรรมร่วมกับเว็บไซต์ได้ แต่ต้องล็อกอินก่อน ::
  ล็อกอิน

รายการสื่อสารสนเทศ

ลำดับที่ ประเภท เลขเรียก/บาร์โค้ด สถานที่ สถานะ
1. นวนิยาย
นวนิยาย
นว. ร942ฮ ล.4 2544 ฉ.1 
  Barcode: 014150
ห้องสมุดวิทยาเขตสวรรค์ประชารักษ์
►นวนิยาย
บนชั้น
  ขอยืม
2. นวนิยาย
นวนิยาย
นว. ร942ฮ ล.4 2544 ฉ.2 
  Barcode: 021005
ห้องสมุดวิทยาเขตนครสวรรค์
►นวนิยาย:l:Fiction
บนชั้น

รายการใกล้เคียง
    ผู้แต่ง [โรว์ลิ่ง, เจ.เค.]

BibComment


ยังไม่เคยถูกคอมเมนท์

คอมเมนท์ทรัพยากรรายการนี้
  คอมเมนท์: แฮร์รี่ พอตเตอร์ ..


 Copyright 2026. Bcnsprnw @Library